| 000 | 00536nam a2200181 a 4500 | ||
|---|---|---|---|
| 005 | 20140412111244.0 | ||
| 008 | 001118s19uu xx 00 eng d | ||
| 020 | _a0-88743-126-7 | ||
| 050 |
_aTR(GS 513.2 _bG81 1986 |
||
| 100 | _aGregorich, Barbara | ||
| 245 |
_aCounting caterpillars / _cBarbara Gregorich. |
||
| 260 |
_aGrand Haven, MI : _bSchool Zone Pub. Co, _c[n.d.] |
||
| 300 | _a32 p. ; col. ; ill. | ||
| 440 | _aA Fast Forward Book Series | ||
| 500 | _aGrades 4-7 | ||
| 650 | _acounting -- coloring book | ||
| 999 |
_c102881 _d102881 |
||